<?xml version="1.0" encoding="UTF-8"?>
<marc:record xmlns:marc="http://www.loc.gov/MARC21/slim">
   <marc:leader>00000nam a2200000 a 4500</marc:leader>
   <marc:datafield ind1="1" ind2=" " tag="100">
      <marc:subfield code="a">Hall Don, Carlos Lopez Estrada</marc:subfield>
   </marc:datafield>
   <marc:datafield ind1="0" ind2="0" tag="245">
      <marc:subfield code="a">Raya und der letzte Drache</marc:subfield>
   </marc:datafield>
   <marc:datafield ind1=" " ind2="1" tag="264">
      <marc:subfield code="b">Disney DVD</marc:subfield>
      <marc:subfield code="c">2021</marc:subfield>
   </marc:datafield>
   <marc:datafield ind1="1" ind2=" " tag="520">
      <marc:subfield code="a">Nachdem die bösen Druunen das Fabelreich Kumandra verwüstet haben, das in fünf verfeindete Länder aufgeteilt wurde, macht sich Prinzessin Raya daran, das Reich wieder zusammenzuführen: Schlüssel dazu ist das Sammeln der fünf Einzelteile eines blau leuchtenden Edelsteins. Ebenso wichtig ist das Wiedererwecken des letzten Drachen, Sisu, der einst die Menschheit gerettet hatte, sich jetzt aber als zartes, unsicheres Wesen erweist, dem selbst nicht klar ist, wie ihm einst geschehen war: Aber gemeinsam ist man stark.</marc:subfield>
   </marc:datafield>
   <marc:datafield ind1="3" ind2=" " tag="024">
      <marc:subfield code="a">8717418589264</marc:subfield>
   </marc:datafield>
   <marc:datafield ind1="0" ind2=" " tag="490">
      <marc:subfield code="v">0</marc:subfield>
   </marc:datafield>
   <marc:datafield ind1=" " ind2=" " tag="300">
      <marc:subfield code="a">ca. 103 Minuten</marc:subfield>
   </marc:datafield>
</marc:record>
